000 00377nam a2200169Ia 4500
100 _aSchildt/Herbert
650 _aJava
250 _a5
942 _cBK
366 _f20
654 _acomplete reference
245 _aComplete Reference JAVA 2
260 _bTata Mc Graw hill Ltd.
_aNew Delhi
_c2002
082 _a005.133J/SCH
_bSCH
300 _a1168
546 _aENGLISH
999 _c22313
_d22313